[Event "Bayern-ch 78th"]
[Site "Vaterstetten"]
[Date "2007.08.21"]
[Round "5"]
[White "Holzer, Richard"]
[Black "Kaeck, Ralf"]
[Result "1-0"]
[WhiteElo "2152"]
[BlackElo "1926"]
[PlyCount "55"]
[EventDate "2007.08.18"]
[EventType "swiss"]
[EventRounds "9"]
[EventCountry "GER"]
[SourceTitle "EXT 2015"]
[Source "ChessBase"]
[SourceDate "2014.11.20"]
[SourceVersion "1"]
[SourceVersionDate "2014.11.20"]
[SourceQuality "1"]

1. e4 e6 2. d4 d5 3. Nc3 h6 4. Be3 Nf6 5. Bd3 Bb4 6. exd5 exd5 7. Nge2 0-0 8. Qd2 Re8 9. a3 Bf8 10. f3 b6 11. 0-0-0 c5 12. Bb5 Bd7 13. Bxd7 Qxd7 14. g4 c4 15. h4 Kh7 16. Nf4 Qc6 17. g5 Ng8 18. Ncxd5 a5 19. Rdg1 Nd7 20. g6+ fxg6 21. Rxg6 Ndf6 22. Rhg1 c3 23. Qd3 cxb2+ 24. Kxb2 Bxa3+ 25. Kxa3 Rxe3 26. Nxe3 Qd6+ 27. Ka2 Kh8 28. Ned5 1-0

[Event "Niederbayern-ch MK 48th"]
[Site "Ortenburg"]
[Date "2007.??.??"]
[Round "3"]
[White "Holzer, Richard"]
[Black "Palmi, Herbert"]
[Result "1/2-1/2"]
[WhiteElo "2165"]
[BlackElo "1864"]
[PlyCount "37"]
[EventDate "2007.??.??"]
[EventType "swiss"]
[EventRounds "9"]
[EventCountry "GER"]
[SourceTitle "EXT 2010"]
[Source "ChessBase"]
[SourceDate "2010.11.25"]
[SourceVersion "1"]
[SourceVersionDate "2010.11.25"]
[SourceQuality "1"]

1. e4 c5 2. c3 e6 3. d4 d5 4. exd5 exd5 5. Be3 Qb6 6. Qc2 Nc6 7. dxc5 Bxc5 8. Bxc5 Qxc5 9. Nf3 Bg4 10. Be2 Nf6 11. 0-0 0-0 12. Nbd2 Rac8 13. Nb3 Qb6 14. Rad1 Rfe8 15. Rfe1 Re4 16. Nbd2 Re7 17. Nb3 Re4 18. Nbd2 Re7 19. Nb3 1/2-1/2

[Event "Niederbayern-ch MK 48th"]
[Site "Ortenburg"]
[Date "2007.??.??"]
[Round "6"]
[White "Wisnet, Dominic"]
[Black "Holzer, Richard"]
[Result "1-0"]
[WhiteElo "2026"]
[BlackElo "2165"]
[PlyCount "153"]
[EventDate "2007.??.??"]
[EventType "swiss"]
[EventRounds "9"]
[EventCountry "GER"]
[SourceTitle "EXT 2010"]
[Source "ChessBase"]
[SourceDate "2010.11.25"]
[SourceVersion "1"]
[SourceVersionDate "2010.11.25"]
[SourceQuality "1"]

1. e4 e5 2. Nf3 Nc6 3. Bb5 a6 4. Ba4 Nf6 5. 0-0 Be7 6. Re1 b5 7. Bb3 d6 8. c3 Na5 9. Bc2 c5 10. d4 Qc7 11. Nbd2 Nc6 12. h3 0-0 13. Nf1 Rd8 14. d5 Nb8 15. a4 Qb7 16. g4 Nbd7 17. axb5 axb5 18. Rxa8 Qxa8 19. Ng3 g6 20. Kh2 Kh8 21. Ng5 Rf8 22. f4 exf4 23. Bxf4 Qb8 24. Nf3 Ne5 25. Nxe5 dxe5 26. Bh6 Rd8 27. Qf3 Qd6 28. Ra1 Ng8 29. Be3 b4 30. cxb4 cxb4 31. Bd3 Kg7 32. Qg2 Bd7 33. Nf1 Qb8 34. Qe2 Nf6 35. Kh1 h5 36. g5 Ne8 37. Qf3 Bb5 38. Bxb5 Qxb5 39. Ng3 Nd6 40. h4 Qd3 41. Ra7 Kf8 42. Kg2 Rc8 43. Bf2 Qxf3+ 44. Kxf3 Rc2 45. Ra8+ Ne8 46. Nf1 Rxb2 47. Ne3 Rb3 48. Ke2 Ra3 49. Rb8 Bd6 50. Rb7 Ra2+ 51. Kf3 Ra3 52. Kg2 Ra2 53. Rb5 Nc7 54. Rb7 Bc5 55. Kf3 Na6 56. Nd1 Ra3+ 57. Ke2 b3 58. Rb5 Ra2+ 59. Kf3 Bxf2 60. Nxf2 b2 61. Nd3 Ra3 62. Ke2 Ra4 63. Ke3 Ra1 64. Rxb2 Rh1 65. d6 Rh3+ 66. Kd2 Rh2+ 67. Kc3 Rh3 68. Kc4 Rxh4 69. Kd5 Rh3 70. Nxe5 Rh1 71. Rb6 Rd1+ 72. Kc6 h4 73. Rxa6 h3 74. Ra2 Rc1+ 75. Kd7 Re1 76. Rh2 Rxe4 77. Nc6 1-0

[Event "Regionalliga SO 0607"]
[Site "Bayern"]
[Date "2006.10.29"]
[Round "2.3"]
[White "Bauer, Robert"]
[Black "Holzer, Richard"]
[Result "0-1"]
[WhiteElo "2050"]
[BlackElo "2165"]
[PlyCount "74"]
[EventDate "2006.10.15"]
[EventType "team-tourn"]
[EventRounds "9"]
[EventCountry "GER"]
[SourceTitle "EXT 2008"]
[Source "ChessBase"]
[SourceDate "2007.11.25"]
[SourceVersion "1"]
[SourceVersionDate "2007.11.25"]
[SourceQuality "1"]
[WhiteTeam "Freising"]
[BlackTeam "Passau II"]
[WhiteTeamCountry "GER"]
[BlackTeamCountry "GER"]

1. e4 e5 2. Bc4 Nc6 3. Nf3 Nf6 4. d4 exd4 5. e5 Ng4 6. 0-0 d6 7. exd6 Qxd6 8. Re1+ Be7 9. h3 Nf6 10. b4 Nxb4 11. Ba3 0-0 12. c3 dxc3 13. Qb3 b5 14. Bxb5 c2 15. Nc3 Be6 16. Bxb4 Qxb4 17. Qxc2 Bd6 18. Rad1 Rab8 19. Nd4 Nd5 20. Nxd5 Bxd5 21. Qf5 Bxa2 22. Re4 Bb1 23. Bc6 g6 24. Qf6 Bxe4 25. Bxe4 Rb6 26. Bc6 Qc5 27. Qf3 Be5 28. Nf5 gxf5 29. Bd5 Rd6 30. g3 Rfd8 31. Bxf7+ Kxf7 32. Qxf5+ Kg8 33. Re1 Re8 34. Re4 Rf6 35. Qh5 Qxf2+ 36. Kh1 Qf1+ 37. Kh2 Rf2# 0-1

[Event "Regionalliga SO 0506"]
[Site "Bayern"]
[Date "2006.02.19"]
[Round "7.3"]
[White "Hofmann, Juergen2222"]
[Black "Holzer, Richard"]
[Result "1/2-1/2"]
[WhiteElo "2167"]
[BlackElo "2176"]
[PlyCount "47"]
[EventDate "2005.10.23"]
[EventType "team-tourn"]
[EventRounds "9"]
[EventCountry "GER"]
[SourceTitle "EXT 2007"]
[Source "ChessBase"]
[SourceDate "2006.11.23"]
[SourceVersion "1"]
[SourceVersionDate "2006.11.23"]
[SourceQuality "1"]
[WhiteTeam "Graefelfing SK"]
[BlackTeam "Passau II"]
[WhiteTeamCountry "GER"]
[BlackTeamCountry "GER"]

1. e4 e5 2. Nf3 Nc6 3. Bb5 a6 4. Ba4 Nf6 5. d4 exd4 6. 0-0 Be7 7. e5 Ne4 8. Nxd4 Nxd4 9. Qxd4 Nc5 10. Nc3 0-0 11. Nd5 d6 12. Nxe7+ Qxe7 13. exd6 Qxd6 14. Qxd6 cxd6 15. Bb3 Nxb3 16. axb3 Re8 17. Be3 Be6 18. Rfd1 d5 19. b4 f6 20. c3 Rac8 21. Ra5 Rc7 22. Bb6 Rc6 23. Be3 Rc7 24. Bb6 1/2-1/2